| 000 | 00971nac a22002531u 4500 | ||
|---|---|---|---|
| 010 | _a 2004478048 | ||
| 020 | _a1850655936 | ||
| 022 | _a1850655987 | ||
| 035 | _a(OCoLC)ocm48784132 | ||
| 082 | 0 | 0 |
_a297.272 _bR8121 |
| 090 |
_c5070 _d5070 |
||
| 100 | _aRoy, Olivier, | ||
| 245 | 1 | 0 |
_aGlobalised Islam : _bthe search for a new ummah / _cOlivier Roy. |
| 260 |
_aLondon : _bC. Hurst, 2004 _c2004 |
||
| 300 |
_axi, 349 p. ; _c23 cm. |
||
| 650 | 0 |
_aGlobalization _xReligious aspects _xIslam. |
|
| 650 | 0 |
_aIslam and politics _zIslamic countries. |
|
| 650 | 0 |
_aUmmah (Islam) _zIslamic countries. |
|
| 650 | 0 |
_aIslamic fundamentalism _zIslamic countries. |
|
| 650 | 0 |
_aIslamic renewal _zIslamic countries. |
|
| 651 | 0 |
_aIslamic countries _xPolitics and government. |
|
| 942 |
_cBB _k297.272R8121 |
||
| 999 |
_c5070 _d5070 |
||